LIBRARY & INFORMATION CENTRE, KCAET, TAVANUR

ONLINE PUBLIC ACCESS CATALOGUE (OPAC)

Method of test for determining aggregates impact value of soft coarse aggregates / (Record no. 11016)

MARC details
000 -LEADER
fixed length control field 01020cam a2200181ua 4500
041 ## - LANGUAGE CODE
Language code of text/sound track or separate title eng
082 ## - DEWEY DECIMAL CLASSIFICATION NUMBER
Classification number 691.322
Item number IND/ME
245 00 - TITLE STATEMENT
Title Method of test for determining aggregates impact value of soft coarse aggregates /
250 ## - EDITION STATEMENT
Edition statement 1 /
260 ## - PUBLICATION, DISTRIBUTION, ETC. (IMPRINT)
Place of publication New Delhi :
Name of publisher Indian standards institution ,
Year of publication 1978.
300 ## - PHYSICAL DESCRIPTION
Number of Pages 6 ; .
942 ## - ADDED ENTRY ELEMENTS (KOHA)
Koha item type Books
Holdings
Withdrawn status Lost status Damaged status Home library Current library Date acquired Full call number Accession Number Koha item type
      KAUAET KAUAET 07/04/2012 691.322 17526 Standards
free website counter